Red de energía eléctrica /

¿Cuál es el camino que debe seguir la energía eléctrica para que cuando hacemos clic se encienda una lamparita? Este capítulo propone un viaje desde la generación de la energía eléctrica (central térmica, nuclear, hidroeléctrica o eólica) a la transmisión y distribución (torres de alta tensión, usin...

Descripción completa

Guardado en:
Autor Principal: Campanella, Juan José
Autores Corporativos: Canal Encuentro., Instituto Nacional de Educación Tecnológica (INET)
Formato: Deslizar
Publicado: Argentina, 2009
Series:Entornos Invisibles - Capítulo 3
Materias:
Acceso en línea:https://www.educ.ar/recursos/50684/red-de-energia-electrica
Etiquetas: Agregar Etiqueta
Sin Etiquetas, Sea el primero en etiquetar este registro!
LEADER 01404ngm a22003255g 4500
001 CEM.cems023522
008 130507s2009##################0###0#####d
005 20250603151049.0
245 1 0 |a Red de energía eléctrica /  |c Juan José Campanella. 
260 |a Argentina,  |c 2009 
300 |a 30'. 
490 0 |a Entornos Invisibles - Capítulo 3 
500 |a Consultar en ventanilla. 
538 |a Soporte: DVD - Color: Si - Grabación DRD 
520 |a ¿Cuál es el camino que debe seguir la energía eléctrica para que cuando hacemos clic se encienda una lamparita? Este capítulo propone un viaje desde la generación de la energía eléctrica (central térmica, nuclear, hidroeléctrica o eólica) a la transmisión y distribución (torres de alta tensión, usinas y transformadores), y el posterior consumo domiciliario o industrial. 
100 1 |a Campanella, Juan José 
710 2 |a Canal Encuentro. 
710 2 |a Instituto Nacional de Educación Tecnológica (INET) 
082 5 3 |/ CAM 
653 |a CIENCIA 
653 |a FISICA 
653 |a QUIMICA 
653 |a ENTORNOS INVISIBLES 
653 |a ELECTRICIDAD 
653 |a ENERGIA ELECTRICA 
653 |a ENERGIA 
653 |a PROGRAMA DE TELEVISIÓN 
653 |a CANAL ENCUENTRO 
856 |u https://www.educ.ar/recursos/50684/red-de-energia-electrica 
859 |a CEMS  |b BIB. CEMS - Depto. Recursos Didacticos  |h 530  |i CAM  |k DRD  |p 2165.15  |t Ej.1